000 00632cam a22002291 4500
001 sa 64008489
003 DLC
005 20260227112054.0
008 890420s1961 xx 000 0 maro
010 _asa 64008489
035 _a(OCoLC)23546557
040 _aDLC
_cMiU
_dDLC
042 _apremarc
043 _aa-ii---
050 0 0 _aHC437.M32
_bA56
110 1 _aMaharashtra (India).
_bFinance Department of Planning Division.
245 1 0 _aTr̥tīya pañcavārshika yojanāntargata yojanā.
260 _c[1961]
300 _a2, 542 p.
_c25 cm.
500 _aRomanized.
651 0 _aMaharashtra (India)
_xEconomic policy.
999 _c60895
_d60895